[Event "Druzynowe Mistrzostwa Polski Juniorow - Ekstraliga"]
[Site "Osrodek Wczasowo - Szkoleniowy "Relax" ul. Stroma 20, 43-450 Ustron"]
[Date "2011-06-28"]
[Round "5.27"]
[White "Cieslak, Patrycjusz"]
[Black "Rosicki, Marcin"]
[Result "0-1"]
[WhiteTitle "II"]
[BlackTitle "II"]
[WhiteElo "1734"]
[BlackElo "1603"]

1. e4 e5 2. Nf3 Nc6 3. Bc4 Nf6 4. d4 exd4 5. e5 d5 6. Bb5 Ne4 7. Nxd4 Bc5 8. Be3
Bd7 9. Bxc6 bxc6 10. O-O Qe7 11. f3 Nd6 12. Re1 Nf5 13. Nxf5 Bxf5 14. c3 O-O 15.
Nd2 f6 16. Bd4 fxe5 17. Rxe5 Qxe5 18. Bxc5 Rfe8 19. Nb3 Re6 20. Nd4 Rh6 21. g3
Qe3+ 22. Kh1 Qe5 23. Qg1 Re8 24. Bxa7 g5 25. g4 Bd3 26. Rd1 Ba6 27. Bc5 Qf4 28.
Qg2 Re3 29. h3 Bd3 30. a4 Be4 31. Rf1 Rd3 32. Qh2 Bxf3+ 33. Nxf3 Rxf3 34. Qxf4
Rfxh3+ 35. Kg2 gxf4 36. Rxf4 Rh2+ 37. Kg1 Rxb2 38. Rf8+ Kg7 39. Rc8 Re6 40. Rxc7+
Kg6 41. Kf1 Ra2 42. Ra7 Re4 43. Bd4 Rf4+ 44. Ke1 Rxg4 45. Rg7+ Kf5 46. Rxh7 Rxa4
47. Rh6 Rc4 48. Kd2 c5 49. Bh8 Rg8 50. Kd3 Rg3+ 51. Kd2 Rg6 52. Rh5+ Rg5 53. Rh6
Ra4 54. Rf6+ Ke4 55. Re6+ Kf4 56. Rf6+ Rf5 57. Rg6 Rh5 58. Rf6+ Kg5 59. Rf8 Ra2+
0-1

[Event "Druzynowe Mistrzostwa Polski Juniorow - Ekstraliga"]
[Site "Osrodek Wczasowo - Szkoleniowy "Relax" ul. Stroma 20, 43-450 Ustron"]
[Date "2011-06-28"]
[Round "5.28"]
[White "Erdmann, Krzysztof"]
[Black "Koziol, Kamil"]
[Result "0-1"]
[WhiteTitle "II"]
[BlackTitle "II"]
[WhiteElo "1597"]
[BlackElo "1768"]

1. e4 d5 2. exd5 Nf6 3. d4 Bg4 4. Be2 Bxe2 5. Nxe2 Qxd5 6. O-O Nc6 7. Be3 O-O-O
8. c3 Ng4 9. Nd2 g5 10. Ng3 Nxe3 11. fxe3 f6 12. e4 Qf7 13. Nb3 Kb8 14. Qg4 Qg6
15. Nc5 h5 16. Qf5 Qh6 17. Qf2 h4 18. Nf5 Qh7 19. Ne6 Rc8 20. b4 Qf7 21. Nc5 e6
22. Ne3 Bg7 23. Ng4 Rcf8 24. Nxf6 Kc8 25. Ng4 Qh5 26. Qe2 Nxd4 27. cxd4 Bxd4+
28. Kh1 Bxa1 29. Rxa1 h3 30. gxh3 Qxh3 31. Qg2 Qc3 32. Rb1 Rd8 33. e5 c6 34. Nxe6
Rd2 35. Qf1 Qc2 36. Re1 0-1

[Event "Druzynowe Mistrzostwa Polski Juniorow - Ekstraliga"]
[Site "Osrodek Wczasowo - Szkoleniowy "Relax" ul. Stroma 20, 43-450 Ustron"]
[Date "2011-06-28"]
[Round "5.29"]
[White "Krupa, Anna"]
[Black "Rudol, Maria"]
[Result "1-0"]
[WhiteTitle "I++"]
[BlackTitle "II"]
[WhiteElo "1899"]
[BlackElo "1462"]

1. d4 e6 2. c4 d5 3. Nc3 Nf6 4. cxd5 exd5 5. Bg5 Be7 6. e3 Bf5 7. Qb3 b6 8. Bxf6
Bxf6 9. Qxd5 Qxd5 10. Nxd5 Bd8 11. Rc1 c6 12. Nc3 O-O 13. Nf3 Be7 14. Be2 Nd7
15. O-O c5 16. e4 Bg6 17. Nd5 Bd8 18. Nc3 Nf6 19. e5 cxd4 20. Nxd4 Nd7 21. f4
h6 22. Bf3 Rc8 23. Nd5 Rxc1 24. Rxc1 Nc5 25. f5 Bh7 26. Re1 Re8 27. e6 fxe6 28.
Bh5 Rf8 29. fxe6 g6 30. e7 Bxe7 31. Nxe7+ Kf7 32. Bf3 Re8 33. Bd5+ Kf6 34. Ndc6
Nd3 35. Re6+ Kf7 36. Rxg6+ Kf8 37. Rf6+ Kg7 38. Rf7+ Kh8 39. Be6 Nc5 40. Bc4 Bg8
41. Ng6# 1-0

[Event "Druzynowe Mistrzostwa Polski Juniorow - Ekstraliga"]
[Site "Osrodek Wczasowo - Szkoleniowy "Relax" ul. Stroma 20, 43-450 Ustron"]
[Date "2011-06-28"]
[Round "5.30"]
[White "Rudol, Matylda"]
[Black "Konopacka, Martyna"]
[Result "0-1"]
[WhiteTitle "II"]
[BlackTitle "II+"]
[WhiteElo "1466"]
[BlackElo "1646"]

1. e4 e5 2. Nf3 Nc6 3. Bc4 Nf6 4. d3 Bc5 5. Bg5 h6 6. Bh4 d6 7. h3 a6 8. Nc3 Be6
9. Bd5 Ba7 10. Qd2 Qd7 11. Bxf6 gxf6 12. Bxe6 fxe6 13. Nh4 Qg7 14. g3 O-O-O 15.
Ne2 d5 16. exd5 exd5 17. f3 Nd4 18. O-O-O Nxe2+ 19. Qxe2 Qxg3 20. Ng2 Rhg8 21.
Ne1 Qf4+ 22. Kb1 Rg3 23. c3 Rdg8 24. d4 Qf5+ 25. Ka1 exd4 26. cxd4 Rxh3 27. Rg1
Rd8 28. Rg7 Kb8 29. Rc1 Bb6 30. Qe7 Rc8 31. Rf7 Qf4 32. Rd1 Bxd4 33. a3 Rh2 34.
Rb1 Qd2 0-1